Business mathematics / (Record no. 87498)

MARC details
000 -LEADER
fixed length control field 00586nam a22001937a 4500
005 - DATE AND TIME OF LATEST TRANSACTION
control field 20140821110553.0
010 ## - LCCN (DPL NO)
LC control number ENG-110589
020 ## - INTERNATIONAL STANDARD BOOK NUMBER
Terms of availability 480.00
International Standard Book Number 9788122505566
035 ## - SYSTEM CONTROL NUMBER
System control number EN-94121
037 ## - SOURCE OF ACQUISITION
Source of stock number/acquisition DBAD/PUB
082 ## - DEWEY DECIMAL CLASSIFICATION NUMBER
Classification number 510.24658
100 ## - MAIN ENTRY--PERSONAL NAME
Personal name Aggarwal, B. M.
245 ## - TITLE STATEMENT
Title Business mathematics /
Statement of responsibility, etc by B.M. Aggarwal [and] Tariq Ahmed Shikarie
260 ## - PUBLICATION, DISTRIBUTION, ETC. (IMPRINT)
Place of publication, distribution, etc New Delhi
Name of publisher, distributor, etc Kitab Mahal
Date of publication, distribution, etc 2011
270 ## - ADDRESS
City New Delhi
Postal code 110002
Address 8, Hari Sadan, 20 Ansari Road
300 ## - PHYSICAL DESCRIPTION
Extent xiii,250p.
Dimensions 24cm(Hb)
700 ## - ADDED ENTRY--PERSONAL NAME
Personal name Tariq Ahmed Shikarie
942 ## - ADDED ENTRY ELEMENTS (KOHA)
Source of classification or shelving scheme Dewey Decimal Classification
Item type English Books
Call number suffix AGG
Classification part 510.24658
Holdings
Withdrawn status Lost status Not for loan Collection code Home library Current library Date acquired Source of acquisition Cost, normal purchase price Full call number Barcode Copy number Cost, replacement price Koha item type
    Not For Loan Non-fiction D.B.Act.Division D.B.Act.Division 30/07/2014 DBAD/PUB 480.00 510.24658 AGG EN-94121 1 480.00 English Books

© Delhi Public Library
Hit Counter
free hit counter